| 000 | 00657nam a22002177a 4500 | ||
|---|---|---|---|
| 003 | OSt | ||
| 005 | 20260216114831.0 | ||
| 008 | 160222b xxu||||| |||| 00| 0 eng d | ||
| 020 | _a05-746-2012-1 | ||
| 040 | _c0 | ||
| 050 | _a174.4 | ||
| 082 | _a174.4 | ||
| 100 |
_aMahmood,Hassan _9133238 |
||
| 245 |
_aThe Employee Strike at University of Health Sciences,Lahore Punjab. _bCase Studies. _cHassan Mahmood. |
||
| 260 |
_aLahore _bLUMS _c2012. |
||
| 300 | _a22p.. | ||
| 500 | _aPaper Cover | ||
| 590 | _6http://10.250.8.41:8080/xmlui/handle/123456789/56789 | ||
| 856 | _uhttp://10.250.8.41:8080/xmlui/handle/123456789/56789 | ||
| 942 |
_2ddc _cCS _k174.4 |
||
| 999 |
_c351203 _d351203 |
||